00986nam a2200277 i 4500003000900000005001700009007000300026008004100029020001800070040003000088082001400118245016300132264003300295300005100328336002700379337003300406338002800439490001900467500002500486500002300511504002600534700003700560700003700597700003700634700003700671DO-SdBNP20240425152711.0ta240425s2023 dr ac 000 0 spa d a9789945270136 aDO-SdBNPbspacBNPHUerda 222bC569s00aCiencias sociales 4 :beducación básica. /cdirección editorial Anna Rogero Soler : ilustraciones Montserrat Ubach, Reison Vásquez, Cristian Félix  1aSanto Domingo, :bSM,c2023. a142 páginasbilustraciones, retratosc28 cm. 2rdacontentatextobtxt 2rdamediaasin mediaciónbn 2rdacarrieravolumenbnc1 aSer y saberv4 aEducación básica aIncluye glosario.  aBibliografía p: 1421 aRogero Soler, Annaedirección 1 aUbach, Montserrateilustraciones1 aVásquez, Reisoneilustraciones1 aFélix, Cristianeilustraciones